KARIMPULI RO RO PINK POLICE (Record no. 7063)
[ view plain ]
| 000 -LEADER | |
|---|---|
| fixed length control field | 00771nam a22001577a 4500 |
| 020 ## - INTERNATIONAL STANDARD BOOK NUMBER | |
| ISBN | 978-93-5643-199-9 |
| 082 ## - DEWEY DECIMAL CLASSIFICATION NUMBER | |
| Classification number | 894.812.3 |
| Item number | IND/K |
| 100 ## - MAIN ENTRY--AUTHOR NAME | |
| Personal name | INDUGOPAN, E.R |
| 245 ## - TITLE STATEMENT | |
| Title | KARIMPULI RO RO PINK POLICE |
| Remainder of title | PINNE KANJAVU THOTTATHILE ENTE JEEVITHAVUM |
| 246 ## - VARYING FORM OF TITLE | |
| Title proper/short title | KARIMPULI RO RO PINK POLICE |
| Remainder of title | KARIMPULI RO RO PINK POLICE |
| 260 ## - PUBLICATION, DISTRIBUTION, ETC. (IMPRINT) | |
| Place of publication | KOTTAYAM |
| Name of publisher | DC BOOKS |
| Year of publication | 2023 |
| 300 ## - PHYSICAL DESCRIPTION | |
| Number of Pages | 120 |
| 520 ## - SUMMARY, ETC. | |
| Summary, etc | അനുഭവങ്ങളുടെ, ഉദ്വേഗത്തിന്റെ, അപ്രതീക്ഷിത ട്വിസ്റ്റുകളുടെ ഉത്സവം തീര്ക്കുന്ന ജി ആര് ഇന്ദുഗോപന്റെ ഏറ്റവും പുതിയ കഥകൾ. |
| 650 ## - SUBJECT ADDED ENTRY--TOPICAL TERM | |
| Topical Term | MALAYALAM STORIES |
| 942 ## - ADDED ENTRY ELEMENTS (KOHA) | |
| Koha item type | Books |
| Withdrawn status | Lost status | Collection code | Home library | Current library | Shelving location | Date acquired | Source of acquisition | Cost, normal purchase price | Full call number | Accession Number | Koha item type |
|---|---|---|---|---|---|---|---|---|---|---|---|
| Fiction | Main Library | Main Library | NEW SHELF WITH NEW ENTRY | 26/10/2023 | Purchase | 160.00 | 894.812.3 IND/K | 13112 | Books |